LEADER 00854nam0-22002891i-450- 001 990005949300403321 005 19980601 035 $a000594930 035 $aFED01000594930 035 $a(Aleph)000594930FED01 035 $a000594930 100 $a19980601d1984----km-y0itay50------ba 105 $a--------00-yy 200 1 $aTossicomanie$econsumo e spaccio di stupefacenti$ecause, interventi e cure possibili$fLuigi Cancrini. 210 $aRoma$cEditori Riuniti$d1984 215 $a128 p.$d19 cm 225 1 $aLibri di base 11 / collana diretta da Tullio De Mauro$v 676 $a362.25 700 1$aCancrini,$bLuigi$f<1938- >$0161645 801 0$aIT$bUNINA$gRICA$2UNIMARC 901 $aBK 912 $a990005949300403321 952 $aXII G 184$b1360$fFGBC 959 $aFGBC 996 $aTossicomanie$9584506 997 $aUNINA DB $aGIU01 LEADER 00906nam0-2200325---450- 001 990008394600403321 005 20061009113337.0 010 $a88-7078-737-0 035 $a000839460 035 $aFED01000839460 035 $a(Aleph)000839460FED01 035 $a000839460 100 $a20061009d2002----km-y0itay50------ba 101 0 $aita 102 $aIT 105 $af---a---001yy 200 1 $aOrt$eObjects Relations Technique$euna griglia di valutazione empirico-clinica$fAdriana Lis ... [et al.] 210 $aMilano$cCortina$d2002 215 $a318 p.$cill.$d23 cm 225 1 $aPsicodiagnostica 610 0 $aPsicologia$aTest 676 $a155.284$v21$zita 702 1$aLis,$bAdriana 801 0$aIT$bUNINA$c20061009$gRICA$2UNIMARC 901 $aBK 912 $a990008394600403321 952 $aP.1 PG 589$bBibl. 54424$fFLFBC 959 $aFLFBC 996 $aOrt$9724375 997 $aUNINA